Propuesta de un Manual de Higiene y Seguridad Industrial para minimizar los riesgos en la Empresa de Importadores y Suplidores de Materiales Eléctricos S.A. (ISMESA), ubicado en la ciudad de Managua

La preparación de esta investigación tiene como propósito la calidad del factor humano, el cual se enfatiza en la seguridad, higiene e integración del personal en su entorno laboral, es decir, que cada trabajador se sienta seguro, cómodo y motivado en su puesto de trabajo, con el procedimiento...

Full description

Bibliographic Details
Main Authors: Vásquez Cerrato, Arelis Antonia, Campos Vega, Briceyda Amparo, Balladarez Pérez, Diana Guadalupe
Other Authors: Tutor: Cáceres Antón, Juan Agustín
Format: Tesis Section = Libro
Language:Undetermined
Spanish
Published: Managua UNI 2018
Subjects:
LEADER 01510nam a2200289Ia 4500
008 240830s9999 xx 000 0 und d
040 |a BIBLIOTECA-RUPAP Mon 658.38 V335 
041 |a spa 
082 |a Mon 658.38 V335 
100 1 |a Vásquez Cerrato, Arelis Antonia 
100 1 |b  Campos Vega, Briceyda Amparo 
100 1 |c Balladarez Pérez, Diana Guadalupe 
245 1 0 |a Propuesta de un Manual de Higiene y Seguridad Industrial para minimizar los riesgos en la Empresa de Importadores y Suplidores de Materiales Eléctricos S.A. (ISMESA), ubicado en la ciudad de Managua 
260 |a Managua  |b UNI  |c 2018 
300 |a 112 p. :il. 
500 |a Contiene: anexos y CD. 
502 |a Tesis (Ingeniero Industrial)- UNI, 2018. 
520 3 |a La preparación de esta investigación tiene como propósito la calidad del factor humano, el cual se enfatiza en la seguridad, higiene e integración del personal en su entorno laboral, es decir, que cada trabajador se sienta seguro, cómodo y motivado en su puesto de trabajo, con el procedimiento de elevar el desempeño de la empresa que garantice su efectividad, eficiencia, eficacia y elevar sus métodos de producción y calidad favorablemente. 
650 7 |a SEGURIDAD INDUSTRIAL 
650 7 |b SEGURIDAD OCUPACIONAL 
650 7 |c ACCIDENTES DE TRABAJO-PREVENCION 
650 7 |d RIESGOS LABORALES 
650 7 |e FABRICAS-MEDIDAS DE SEGURIDAD 
700 1 |a Tutor:  |b Cáceres Antón, Juan Agustín 
942 |c BK  |2 ddc 
991 |a TESIS 
999 |c 17172